00891 2200301 4500001002100000005001500021035002000036007000300056040001700059100004300076245007400119250001300193300003100206041000800237082001200245090002300257264004400280336002100324337003000345338002300375650001000398700006400408850001000472008004100482020002200523990002200545990002200567INLIS00000000000530020260515062625 a0010-0222000390ta aSBPUPADbInd0 aZaki Bin Muhammad Abu Sari'ePengarang1 aDi Pintu-Mu Aku Bersimpuh kisah Orang-Orang Bertaubat Dalam Al-Qur'an a.--cet.1 a436 hlm. :bilus. ;c23 cm aInd a297.161 a297.2 ABU m/II 4-3 a.--Jakarta :bPustaka Al-Kautsar,c2017 2rdacontentaTeks 2rdamediaaTanpa Perantara 2rdacarrieraVolume 4aAgama aEditor, Achmad Zirzis, Penerjemah, Rony NugrohoePenerjemah aPUPAD260515 0  a978-979-592-784-6 a29.256/B/DPK/2018 a29.255/B/DPK/2018